| 000 | 00399nam a2200145Ia 4500 | ||
|---|---|---|---|
| 008 | 231217s9999 xx 000 0 und d | ||
| 041 | _aEnglish | ||
| 082 | _a658.152 HAW;1 `R' | ||
| 100 | _aHawawini, Gabriel Viallet, Claude | ||
| 245 | 0 | _aFinance for executives: Managing for value creation | |
| 250 | _a2nd ed. | ||
| 260 |
_c2002 _bSouth-Western College |
||
| 300 | _axvii+606 | ||
| 942 | _cAA | ||
| 999 |
_c168410 _d168410 |
||